Normal view
MARC view
- Buldyrev, V. S
Entry Personal Name
001 - CONTROL NUMBER
- control field: 103849
003 - CONTROL NUMBER IDENTIFIER
- control field: NUST
005 - DATE AND TIME OF LATEST TRANSACTION
- control field: 20221201090259.0
008 - FIXED-LENGTH DATA ELEMENTS
- fixed length control field: 221201|| aca||aabn | a|a d
040 ## - CATALOGING SOURCE
- Original cataloging agency: NUST
- Transcribing agency: NUST
100 ## - HEADING--PERSONAL NAME
- Personal name: Buldyrev, V. S
670 ## - SOURCE DATA FOUND
- Source citation: Work cat.: (NUST)183961: Babich, V. M. 103846, Short-wavelength diffraction theory :, c1991.
